[Event "World Cup"]
[Site "Khanty-Mansiysk"]
[Date "2009.11.28"]
[Round "3.2"]
[White "Karjakin, Sergey"]
[Black "Navara, David"]
[Result "1-0"]
[WhiteElo "2723"]
[BlackElo "2707"]
[Annotator "Karjakin,S"]
[PlyCount "79"]
[EventDate "2009.11.21"]
[EventType "k.o."]
[EventRounds "7"]
[EventCountry "RUS"]
[SourceTitle "CBM 134"]
[Source "ChessBase"]
[SourceDate "2010.01.18"]
[SourceVersion "1"]
[SourceVersionDate "2010.01.18"]
[SourceQuality "1"]

{After I lost in the first game of the match I had to win this one, in order
to stay in the tournament.} 1. e4 e6 {David plays a lot of openings, so I did
not really know what to expect.} 2. d4 d5 3. Nc3 dxe4 {But this was a real
surprise. I think that David played this move for the first time.} 4. Nxe4 Nd7
5. Nf3 Ngf6 6. Nxf6+ Nxf6 7. Be3 {After some thinking I decided to play this
line.} Nd5 8. Bd2 c5 9. Bb5+ Bd7 10. Bxd7+ Qxd7 11. c4 Nb6 12. Rc1 {There were
not so many games in this line, so I am sure that there is room for
improvements.} Be7 13. dxc5 Bxc5 14. b4 Be7 15. c5 Nd5 16. Ne5 Qc7 17. Qa4+ Kf8
18. Nd3 {A novelty. I did not really analyse this move, but I thought that
with the king on f8 White will always have chances for an advantage.} a6 19.
O-O (19. b5 {was perhaps more energetic, but I wanted to finish my development
first.}) 19... Rd8 {Here I was thinking a lot and decided to promote my pawns.}
20. Qb3 h5 {Typical. Black wants to develop his rook via h5.} 21. a4 h4 22. h3
Rh5 23. b5 {Till here Black was playing well, but now David decided to fix a
draw by calculating lines, but this was a mistake, and he should have just
play 23...axb5.} Bg5 $2 ({During the game I did not see anything for White
after} 23... axb5 24. axb5 Nf6 {with the idea Rhd5 and if} 25. Be3 {then} Nd5 {
.}) 24. b6 $1 {Now Black is in trouble.} Qb8 25. Bxg5 Rxg5 26. c6 {White does
not allow Ne7.} bxc6 27. Rc5 $1 {The only move and the most difficult move in
the game!} ({First I was planning to play} 27. a5 {but I was in time to find}
Ne3 $3 28. fxe3 Rxg2+ 29. Kxg2 Qg3+ $11) 27... e5 (27... Rg6 28. Rb1 $16) 28.
a5 $16 {Now White has a very strong passed pawn on b6, and if Black does not
create anything, White is strategically winning.} Qd6 29. Rfc1 (29. Qc4 {
was also very strong.}) 29... Ne7 (29... e4 30. Rxc6 Qd7 31. Ne1 $16) 30. Ne1 {
I wanted my knight to defend the king.} Rf5 31. Qc4 Rf4 32. Qxa6 Rxf2 {The
last chance, but the position was already lost!} 33. Qd3 $1 {Precise!} ({
It would be a mistake to play} 33. Kxf2 $2 Qd4+ 34. Kf1 Nf5 35. R5c3 Ng3+ 36.
Rxg3 hxg3 37. Rc2 Qf4+ 38. Nf3 e4 39. Qe2 exf3 40. gxf3 g2+ 41. Kxg2 Qg5+ 42.
Kh2 Qxa5 {and Black is still in the game!}) 33... Qxd3 34. Nxd3 Ra2 35. Nxe5 (
35. Rb1 $18 {was easily winning, but I had calculated the variation in the
game and decided to play it.}) 35... Rdd2 36. R5c2 Rdxc2 37. Rxc2 Rxc2 38. b7
Rb2 39. Nd7+ Ke8 40. Nb6 {Black resigned!} 1-0

[Event "Copenhagen K41"]
[Site "Copenhagen"]
[Date "1995.??.??"]
[Round "4"]
[White "Mortensen, Erling"]
[Black "Rausis, Igors"]
[Result "1-0"]
[WhiteElo "2500"]
[BlackElo "2495"]
[Annotator "King,D"]
[PlyCount "85"]
[EventDate "1995.06.??"]
[EventType "tourn"]
[EventRounds "9"]
[EventCountry "DEN"]
[EventCategory "10"]
[SourceTitle "CBM 048"]
[Source "ChessBase"]
[SourceDate "1995.10.01"]
[SourceVersion "1"]
[SourceVersionDate "1995.10.01"]
[SourceQuality "1"]

1. e4 e6 2. d4 d5 3. Nc3 Be7 4. e5 b6 5. Nf3 Ba6 6. Bxa6 Nxa6 7. Ne2 Qd7 8. O-O
h5 9. c3 c5 10. a3 c4 11. Bg5 Nb8 12. Bxe7 Nxe7 13. Qd2 Nbc6 14. Qg5 Ng6 15.
Nf4 Nxf4 16. Qxf4 O-O-O {It is hard to imagine that Black's K is about to fall
prey to a violent attack, but play on.} 17. a4 $1 Rdf8 18. Qe3 h4 19. h3 f5 20.
Nd2 f4 21. Qf3 Na5 22. Rfb1 g5 23. b3 cxb3 24. Nxb3 Nc6 25. a5 Kc7 26. axb6+
axb6 27. Nd2 Ra8 28. Qg4 {Very nice. White combines threats on both sides of
the board.} Qe7 29. Nf3 Rxa1 30. Rxa1 Rg8 31. Nxh4 Kb7 32. Nf3 Qf7 33. Nh2 Qf5
34. Qe2 Qe4 35. Qb5 Kc7 36. Rb1 Rb8 37. Nf3 Qf5 38. Rc1 Na5 39. Nd2 Rc8 40. c4
Kb7 41. c5 Rc6 42. Ra1 Qc2 43. Rxa5 1-0

[Event "Hastings 9293"]
[Site "Hastings"]
[Date "1992.??.??"]
[Round "14"]
[White "Polgar, Judit"]
[Black "Bareev, Evgeny"]
[Result "1-0"]
[WhiteElo "2575"]
[BlackElo "2670"]
[Annotator "Knaak,R"]
[PlyCount "55"]
[EventDate "1992.12.??"]
[EventType "tourn"]
[EventRounds "14"]
[EventCountry "ENG"]
[EventCategory "13"]
[SourceTitle "CBM 033"]
[Source "ChessBase"]
[SourceDate "1993.04.01"]
[SourceVersion "1"]
[SourceVersionDate "1993.04.01"]
[SourceQuality "1"]

1. e4 e6 2. d4 d5 3. Nc3 Nf6 4. Bg5 dxe4 5. Nxe4 Nbd7 6. Nf3 h6 7. Nxf6+ Nxf6
8. Be3 $5 Bd6 (8... Nd5 9. Qd3 $5) 9. Qd3 b6 $6 10. Ne5 $1 Bb7 11. Qb5+ $1 Nd7
12. O-O-O a6 13. Qb3 b5 $6 (13... Qe7 14. f4 $14) 14. c4 $1 O-O 15. f4 Be4 {
/\ 16...bxc4 (b<->)} 16. c5 $1 Be7 17. Bd3 $1 Bxg2 (17... Bd5 18. Qc2 Nxe5 19.
dxe5 $16) 18. Rhg1 Bd5 19. Qc2 f5 {/\ 20...Ne5} (19... Nxe5 20. fxe5 $40) 20.
Ng6 $1 Re8 $2 (20... Rf6 $1 {Nunn,J} 21. Rg3 (21. c6 Rxg6 22. Rxg6 Nf8 23. Rg3
Bf6 $10) 21... Rxg6 22. Rxg6 Nf8 23. Rg3 Bf6 {/\ Qd8-d7. ><d5 <-> ><d4 ><f4})
21. c6 $1 $16 Nf8 22. Ne5 Bh4 23. Qe2 Qf6 24. Qh5 Red8 $2 (24... Re7 25. Ng6 $6
(25. Be2 $1 $16) 25... Nxg6 26. Rxg6 Bf3 27. Qxh6 Bxd1 28. Kxd1 Rf7 29. Rxf6
gxh6 30. Rxe6 $13) 25. Rxg7+ $3 Kxg7 (25... Qxg7 26. Rg1 Bg2 27. Qxh4 $18) 26.
Rg1+ Kh8 (26... Kh7 27. Ng4 {Die schwarze Dame ist überlastet. Sie muß die
Deckung von h6 oder h4 aufgeben.}) 27. Nf7+ Kh7 28. Nxh6 (28. Nxh6 Qxh6 29.
Qf7+ Kh8 30. Rg8#) 1-0

[Event "Dortmund-C"]
[Site "Dortmund"]
[Date "1991.??.??"]
[Round "8"]
[White "Mainka, Romuald"]
[Black "Thesing, Matthias"]
[Result "1-0"]
[WhiteElo "2430"]
[BlackElo "2405"]
[Annotator "Knaak,R"]
[PlyCount "89"]
[EventDate "1991.03.23"]
[EventType "tourn"]
[EventRounds "9"]
[EventCountry "GER"]
[EventCategory "8"]
[SourceTitle "CBM 023"]
[Source "ChessBase"]
[SourceDate "1991.08.01"]
[SourceVersion "1"]
[SourceVersionDate "1991.08.01"]
[SourceQuality "1"]

1. e4 e6 2. d4 d5 3. Nc3 Nc6 4. Nf3 Nf6 5. e5 Ne4 6. Ne2 f6 7. Ng3 f5 8. c3 $1
{N} (8. Nh5 g6 $1) 8... Be7 9. h4 $1 b6 (9... Nxg3 10. fxg3 h5 11. Bg5 b6 12.
Be2 a5 13. Bxe7 Qxe7 14. Ng5 g6 15. O-O $16 {R.Mainka-Meister/BL 9091/1991 
(danach gespielt)}) 10. Ne2 $1 Qd7 $6 11. Nfg1 {/\ f3+-} Qd8 12. g3 O-O 13. f3
Nxg3 14. Nxg3 Bxh4 15. Bf4 g5 16. Rxh4 $1 gxf4 17. Rxf4 Qg5 18. N3e2 Ne7 19.
Nh3 Qh6 20. Qd2 Ng6 21. Ng3 Kh8 22. Kf2 Rg8 23. Bg2 Rg7 24. Rh1 Ba6 25. Bf1
Bxf1 26. Kxf1 Rag8 27. Ne2 a5 28. Rh2 a4 29. Qe3 a3 30. b3 c5 31. Kf2 Nh4 32.
Ng5 Rxg5 33. Rfxh4 Rg2+ 34. Kf1 Qg6 35. Rxh7+ Qxh7 36. Rxh7+ Kxh7 37. dxc5 Rh2
38. cxb6 Rh1+ 39. Ng1 Rh2 40. b7 Rxa2 41. b8=Q Ra1+ 42. Kf2 Rgxg1 43. Qea7+ Rg7
44. Qa4 d4 45. Qxd4 1-0

[Event "Haninge"]
[Site "Haninge"]
[Date "1990.??.??"]
[Round "8"]
[White "Hector, Jonny"]
[Black "Karlsson, Lars"]
[Result "0-1"]
[WhiteElo "2465"]
[BlackElo "2520"]
[Annotator "Knaak,R"]
[PlyCount "110"]
[EventDate "1990.05.??"]
[EventType "tourn"]
[EventRounds "11"]
[EventCountry "SWE"]
[EventCategory "14"]
[SourceTitle "CBM 018"]
[Source "ChessBase"]
[SourceDate "1990.10.01"]
[SourceVersion "1"]
[SourceVersionDate "1990.10.01"]
[SourceQuality "1"]

1. e4 e6 2. d4 d5 3. Nc3 dxe4 4. Nxe4 Bd7 5. Bd3 Bc6 6. Nf3 Nd7 7. O-O Ngf6 8.
Neg5 {ECO empfiehlt 8.Nf6+/-, aber die Theorie dieser Variante besteht nur aus
2 Partien ohne Analysen.} Bd6 9. Re1 h6 10. Nh3 Bxf3 {Die frühzeitige Aufgabe
des Läuferpaares sieht man auch in der Partie 498. Offenbar ist es für Weiß
nicht leicht die fast schwächenlose schwarze Position zu knacken.} 11. Qxf3 c6
12. Nf4 O-O 13. Nh5 Re8 14. Bd2 a5 15. Rad1 Bf8 16. Qh3 Nxh5 17. Qxh5 Nf6 18.
Qh3 a4 19. c3 Ra5 20. Bc2 a3 21. b4 Rh5 22. Qd3 Bd6 23. f4 b5 24. Qf3 Qb6 25.
g4 Rh4 26. h3 h5 27. g5 Nd5 28. Re4 f5 29. gxf6 Qd8 30. f7+ Kxf7 31. f5 e5 32.
f6 Rxe4 33. Bxe4 Nxf6 34. Bxc6 Re6 35. Bd5 e4 36. Qf5 $2 (36. Bxe6+ $1 $18)
36... Bh2+ $1 37. Kxh2 Qxd5 38. Qxd5 Nxd5 39. Kg3 Rf6 40. Re1 Rf3+ 41. Kg2 Rd3
42. Re2 e3 43. Be1 Rd1 44. Kf3 Rb1 45. h4 Kf6 46. Bg3 Rf1+ 47. Kg2 Rc1 48. Kf3
Rf1+ 49. Kg2 Rc1 50. Kf3 Kf5 51. Be5 Rf1+ 52. Kg2 Rb1 53. Kf3 Rb2 54. Bxg7 Rxe2
55. Kxe2 Ke4 0-1

[Event "Dortmunder Schachtage-B 18th"]
[Site "Dortmund"]
[Date "1990.04.14"]
[Round "9"]
[White "Lazic, Miroljub"]
[Black "Keitlinghaus, Ludger"]
[Result "1/2-1/2"]
[WhiteElo "2495"]
[BlackElo "2415"]
[Annotator "Knaak,R"]
[PlyCount "29"]
[EventDate "1990.04.05"]
[EventType "tourn"]
[EventRounds "11"]
[EventCountry "GER"]
[EventCategory "9"]
[SourceTitle "CBM 018"]
[Source "ChessBase"]
[SourceDate "1990.10.01"]
[SourceVersion "1"]
[SourceVersionDate "1990.10.01"]
[SourceQuality "1"]

1. e4 e6 2. d4 d5 3. Nc3 Nc6 4. Nf3 Nf6 5. Bg5 Be7 6. e5 Ne4 7. Be3 (7. Bxe7 $1
Qxe7 8. Bd3 (8. a3 $5 {Strikovic-Skembris/Prokuplje/1987/i44/339}) 8... Qb4 9.
O-O $1 (9. Bxe4 {Empfiehlt ECO} Qxb2 $5 {N} 10. O-O Qxc3 11. Bd3 $17 {Und
Schwarz hatte ein Tempo gewonnen in Bernard-Prie/FRA-ch/1989} Bd7 12. Rb1 Nxd4)
9... Nxc3 10. bxc3 Qxc3 11. Rb1 Qa3 12. Qd2 Qe7 13. Rb3 h6 14. Rc1 $1 {/\ 15.
c4.} O-O 15. c4 Nd8 16. Bb1 $16 {J.Brueggemann-M.Bus/Erfurt/1989/1-0}) 7... Bb4
8. Qd3 b6 9. Nd2 Bb7 10. Ndxe4 dxe4 11. Qxe4 Qd7 12. Qd3 O-O-O 13. O-O-O Bxc3
14. Qxc3 Nxe5 15. Be2 1/2-1/2

[Event "SUI-ch int"]
[Site "Switzerland"]
[Date "1992.??.??"]
[Round "10"]
[White "Renet, Olivier"]
[Black "Landenbergue, Claude"]
[Result "1-0"]
[WhiteElo "2530"]
[BlackElo "2390"]
[Annotator "Knaak,R"]
[PlyCount "41"]
[EventDate "1992.??.??"]
[EventType "tourn"]
[EventRounds "11"]
[EventCountry "SUI"]
[EventCategory "8"]
[SourceTitle "CBM 031"]
[Source "ChessBase"]
[SourceDate "1992.12.01"]
[SourceVersion "1"]
[SourceVersionDate "1992.12.01"]
[SourceQuality "1"]

1. e4 e6 2. d4 d5 3. Nc3 Nc6 4. Nf3 Nf6 5. Bd3 Bb4 6. Bg5 $5 (6. e5) 6... h6 $6
(6... dxe4 7. Bxe4 h6 8. Bxf6 Qxf6 9. O-O O-O 10. Qd3 Bd7 11. Rad1 Rad8 12.
Rfe1 Bd6 13. a3 Rfe8 14. Nb5 a6 15. Nxd6 cxd6 16. c4 b5 17. b3 $13 {
Wedberg-Kengis/Haninge/1992}) 7. Bxf6 Qxf6 8. O-O Bxc3 9. bxc3 O-O 10. Rb1 $14
b6 11. Re1 Rb8 12. Qd2 dxe4 13. Rxe4 Bb7 (13... Rd8 $5) 14. Rb5 $1 $16 Ba6 15.
Rh5 Bxd3 16. cxd3 Rbd8 17. Rg4 $18 Kh8 18. Ne5 $1 Ne7 (18... Nxe5 19. dxe5 Qe7
20. Rxh6+ gxh6 21. Qxh6#) (18... Nb8 19. Rf4 Qe7 20. Rxf7 $1 Rxf7 21. Ng6+ $18)
19. Rf4 Nf5 20. g4 g6 21. Rfxf5 1-0

[Event "Interzonal-15"]
[Site "Manila"]
[Date "1990.??.??"]
[Round "1"]
[White "Rogers, Ian"]
[Black "Vaganian, Rafael A"]
[Result "1/2-1/2"]
[WhiteElo "2535"]
[BlackElo "2630"]
[Annotator "Knaak,R"]
[PlyCount "81"]
[EventDate "1990.06.29"]
[EventType "swiss"]
[EventRounds "13"]
[EventCountry "PHI"]
[SourceTitle "CBM 019"]
[Source "ChessBase"]
[SourceDate "1990.12.01"]
[SourceVersion "1"]
[SourceVersionDate "1990.12.01"]
[SourceQuality "1"]

1. e4 e6 2. d4 d5 3. Nc3 dxe4 4. Nxe4 Nd7 5. Nf3 Ngf6 6. Nxf6+ Nxf6 7. Bd3 c5
8. dxc5 Bxc5 9. O-O O-O 10. Qe2 h6 $5 11. b3 (11. a3 $5 {/\} b6 12. b4 Be7 13.
Bb2 Bb7 14. c4 $16 {Rogers}) 11... b6 12. Bb2 Bb7 13. Rad1 Qe7 14. c4 (14. Ne5
Nd5 $10 ({RR} 14... Rad8 15. c4 Rd6 16. Bb1 Rxd1 17. Rxd1 Rd8 18. Rxd8+ Qxd8
19. h3 Qd6 {1/2-1/2 Nisipeanu,L-Negulescu,A/Bucharest 1994/EXT 97 (19)})) 14...
Rfd8 15. Ne5 Rd6 16. Bc2 Rad8 $6 (16... Rxd1 17. Rxd1 Rd8 $10 {Rogers}) 17. Nd3
$1 Bd4 $5 (17... Ne4 18. Nxc5 Nxc5 19. f3 $1 $16 {^^ Rogers}) 18. Ba3 Ne4 $1
19. Bxd6 Rxd6 20. Qh5 $1 Qf6 $1 21. a3 $2 (21. Kh1 $142 $1 e5 (21... Bxf2 22.
Nxf2 Nxf2+ 23. Kg1 $18 Rxd1 24. Bxd1) 22. f3 $1 Ng5 23. Nb4 $16 {Rogers}) 21...
e5 22. Kh1 $1 g6 $1 $10 23. Qxh6 Qf5 $1 24. f3 g5 25. fxe4 Qxf1+ 26. Rxf1 Rxh6
27. Nb4 Bc5 28. Nd5 Bxd5 29. exd5 Bxa3 30. g3 a5 31. Kg2 Kg7 32. h3 Bc5 33. Bf5
Rf6 34. Be4 Rh6 35. Rf5 f6 36. Rf1 Kf7 37. Bf5 Ke7 38. Kf3 Kd6 39. Kg4 b5 40.
cxb5 Kxd5 41. Ra1 1/2-1/2

[Event "FRA-NED"]
[Site "Cannes"]
[Date "1990.??.??"]
[Round "10"]
[White "Van der Wiel, John"]
[Black "Prie, Eric"]
[Result "1-0"]
[WhiteElo "2550"]
[BlackElo "2435"]
[Annotator "Knaak,R"]
[PlyCount "76"]
[EventDate "1990.02.??"]
[EventType "schev"]
[EventRounds "10"]
[EventCountry "FRA"]
[SourceTitle "CBM 018"]
[Source "ChessBase"]
[SourceDate "1990.10.01"]
[SourceVersion "1"]
[SourceVersionDate "1990.10.01"]
[SourceQuality "1"]

1. e4 e6 2. d4 d5 3. Nc3 Nc6 4. e5 $1 $14 b6 5. Nf3 Qd7 6. a3 a5 7. h4 Ba6 8.
Bxa6 Rxa6 9. h5 (9. a4 $1) 9... h6 $6 (9... a4) 10. a4 Ra8 $6 (10... Bb4 $14)
11. Ne2 $16 Nge7 12. c3 Kd8 13. Qd3 Kc8 14. Nh4 Kb7 15. Qf3 g5 16. hxg6 fxg6
17. Qd3 Qe8 18. Nf3 Bg7 19. Nf4 Qf7 20. Be3 Nf5 21. O-O-O Rhd8 22. g4 Nfe7 23.
Rh3 g5 24. Nh5 Bf8 25. Ne1 Ng8 26. f4 gxf4 27. Nxf4 Qe7 28. Qb5 Re8 29. Nf3 Qh7
30. Rdh1 Na7 31. Qb3 Qd7 32. g5 hxg5 33. Nxg5 Re7 34. Rh7 Bh6 35. Nfxe6 Rxh7
36. Nc5+ Kc8 37. Nxd7 Bxg5 38. Rxh7 Bxe3+ 1-0

[Event "Reykjavik Summit"]
[Site "Reykjavik"]
[Date "1990.??.??"]
[Round "?"]
[White "Ivanchuk, Vassily"]
[Black "Speelman, Jonathan S"]
[Result "1/2-1/2"]
[WhiteElo "2665"]
[BlackElo "2610"]
[Annotator "Knaak,R"]
[PlyCount "34"]
[EventDate "1990.03.??"]
[EventType "team"]
[EventRounds "6"]
[EventCountry "ISL"]
[SourceTitle "CBM 018"]
[Source "ChessBase"]
[SourceDate "1990.10.01"]
[SourceVersion "1"]
[SourceVersionDate "1990.10.01"]
[SourceQuality "1"]

1. e4 e6 2. d4 d5 3. Nc3 Nf6 4. Bg5 dxe4 5. Nxe4 Nbd7 6. Nxf6+ Nxf6 7. Nf3 h6
8. Bh4 Be7 9. Bc4 c5 10. dxc5 (10. Qe2 $1) 10... Qa5+ 11. c3 Qxc5 $10 12. Qe2
O-O 13. O-O b6 14. Rad1 Bb7 15. Ne5 Rad8 16. Bxf6 Bxf6 17. Nd7 Rxd7 1/2-1/2

[Event "Bayamo"]
[Site "Bayamo"]
[Date "1990.??.??"]
[Round "9"]
[White "Paneque, Pedro"]
[Black "Arencibia Rodriguez, Walter"]
[Result "0-1"]
[WhiteElo "2380"]
[BlackElo "2425"]
[Annotator "Knaak,R"]
[PlyCount "76"]
[EventDate "1990.04.??"]
[EventType "tourn"]
[EventRounds "13"]
[EventCountry "CUB"]
[EventCategory "8"]
[SourceTitle "CBM 018"]
[Source "ChessBase"]
[SourceDate "1990.10.01"]
[SourceVersion "1"]
[SourceVersionDate "1990.10.01"]
[SourceQuality "1"]

1. e4 e6 2. d4 d5 3. Nc3 Nc6 4. e5 $1 f6 5. Nf3 $6 (5. Bb5 $1) 5... fxe5 6.
dxe5 $6 (6. Nxe5) 6... Nh6 7. Bg5 Qd7 8. Bxh6 gxh6 9. Bb5 Qg7 10. O-O Bd7 11.
Re1 O-O-O 12. Bf1 Bc5 13. Na4 Be7 14. c4 dxc4 15. Bxc4 Nb4 16. Nc3 Bc6 17. Qe2
Qg6 18. Red1 Rdf8 19. Bd3 Nxd3 20. Rxd3 Rf4 21. Ne1 Bc5 22. Nd1 Re4 23. Ne3 Bb5
24. Qc2 Rxe5 25. Rc1 Rg8 26. g3 Bb6 27. Rc3 Qxc2 28. N1xc2 Rc5 29. Na3 Rxc3 30.
Rxc3 Bc6 31. Nac4 Bd4 32. Rd3 Rd8 33. Kf1 b5 34. Na5 Be4 35. Rd2 Be5 36. Rxd8+
Kxd8 37. Nd1 Bf3 38. Nc3 b4 0-1

[Event "London WFW"]
[Site "London"]
[Date "1990.??.??"]
[Round "?"]
[White "Chandler, Murray G"]
[Black "King, Daniel J"]
[Result "0-1"]
[WhiteElo "2585"]
[BlackElo "2515"]
[Annotator "Knaak,R"]
[PlyCount "104"]
[EventDate "1990.04.??"]
[EventType "tourn"]
[EventRounds "13"]
[EventCountry "ENG"]
[EventCategory "11"]
[SourceTitle "CBM 018"]
[Source "ChessBase"]
[SourceDate "1990.10.01"]
[SourceVersion "1"]
[SourceVersionDate "1990.10.01"]
[SourceQuality "1"]

1. e4 e6 2. d4 d5 3. Nc3 Nf6 4. Bg5 dxe4 5. Nxe4 Nbd7 6. Nxf6+ Nxf6 7. Nf3 h6 {
Das Zwischenschalten dieses Zuges kann sich bezahlt machen. Siehe Anmerkung
zum 12.Zug.} 8. Bh4 c5 9. Bb5+ Bd7 10. Bxd7+ Qxd7 11. Qe2 Be7 12. dxc5 (12.
O-O-O Qa4 13. Kb1 g5 14. Bg3 g4 15. Ne5 cxd4 $13) 12... O-O 13. O-O Bxc5 14.
Rad1 Qc7 15. Ne5 Rfd8 16. Bxf6 gxf6 17. Ng4 Kg7 18. Qf3 f5 19. Qc3+ Kh7 20. Ne5
Rac8 21. Rxd8 Rxd8 22. Nxf7 Bxf2+ 23. Kxf2 Qxf7 24. Re1 Rd6 25. Re5 Qg7 26. Rc5
Qxc3 27. Rxc3 Rd2+ 28. Kg3 Kg6 29. Rc7 b5 30. b4 Kf6 31. Rxa7 Rxc2 32. Ra5 e5
33. Rxb5 f4+ 34. Kf3 Kf5 35. g4+ Ke6 36. a4 Ra2 37. a5 Rc2 38. Ke4 Re2+ 39. Kf3
Re3+ 40. Kf2 Ra3 41. Rb6+ Kd5 42. Rxh6 e4 43. Rf6 Ra2+ 44. Kg1 Ra1+ 45. Kg2 e3
46. Rf5+ Ke4 47. Rf8 f3+ 48. Rxf3 e2 49. Rf8 e1=Q 50. Re8+ Kf4 51. Rxe1 Rxe1
52. Kf2 Rb1 0-1

[Event "Reykjavik Summit"]
[Site "Reykjavik"]
[Date "1990.??.??"]
[Round "?"]
[White "Hellers, Ferdinand"]
[Black "Hodgson, Julian M"]
[Result "1/2-1/2"]
[WhiteElo "2525"]
[BlackElo "2540"]
[Annotator "Knaak,R"]
[PlyCount "55"]
[EventDate "1990.03.??"]
[EventType "team"]
[EventRounds "6"]
[EventCountry "ISL"]
[SourceTitle "CBM 018"]
[Source "ChessBase"]
[SourceDate "1990.10.01"]
[SourceVersion "1"]
[SourceVersionDate "1990.10.01"]
[SourceQuality "1"]

1. e4 e6 2. d4 d5 3. Nc3 dxe4 4. Nxe4 Bd7 5. Nf3 Bc6 6. Bd3 Nd7 7. O-O Ngf6 8.
Ng3 {Zu 8.Neg5 siehe Partie 351. 8.Nf6 muß erprobt werden.} Be7 9. Qe2 O-O 10.
Re1 Re8 (10... Bxf3 $5 11. Qxf3 c5 12. dxc5 Nxc5 13. Be2 a5 {
Cseshkovsky-Anastasian/Moskva GMA-op/1989/0-1}) 11. Bd2 Bxf3 12. Qxf3 c5 13.
Qxb7 (13. Bc3 cxd4 (13... Nd5 $13 {Suba}) 14. Bxd4 Nc5 15. Red1 $14 {
Balashov-Suba/Moskva/1977/i23/224}) 13... cxd4 14. b4 Rb8 15. Qxa7 Bxb4 16.
Bxb4 Rxb4 17. a3 Rb6 18. a4 Qa8 19. Qxa8 Rxa8 20. Bb5 Nc5 21. Ne2 Nd5 (21... e5
22. f4) 22. Nxd4 Nc3 23. Nb3 (23. a5 $5 $13) 23... N5xa4 24. Bxa4 Rxa4 25. Rxa4
Nxa4 26. Ra1 Rb4 27. Kf1 g5 28. Ke2 1/2-1/2

[Event "Vejle"]
[Site "Vejle"]
[Date "1994.??.??"]
[Round "?"]
[White "Mortensen, Erling"]
[Black "Sher, Miron Naumovich"]
[Result "0-1"]
[WhiteElo "2470"]
[BlackElo "2520"]
[Annotator "Knaak,R"]
[PlyCount "66"]
[EventDate "1994.02.??"]
[EventType "tourn"]
[EventRounds "9"]
[EventCountry "DEN"]
[EventCategory "10"]
[SourceTitle "CBM 040"]
[Source "ChessBase"]
[SourceDate "1994.06.01"]
[SourceVersion "1"]
[SourceVersionDate "1994.06.01"]
[SourceQuality "1"]

1. e4 {Donev} e6 2. d4 d5 3. Nc3 dxe4 4. Nxe4 Bd7 5. c4 $5 (5. d5 {Donev} exd5
(5... Nf6 6. Bg5 Be7 7. d6 $1 cxd6 8. Nxd6+ $14) 6. Qxd5 Nc6 7. Bg5 Be7 8. Bc4
(8. O-O-O h6 9. Bxe7 Qxe7 10. Nc5 Nf6 $1 $10) 8... Be6 9. Qxd8+ Rxd8 10. Bxe6
fxe6 11. Rd1 (11. Bxe7 $5 Ngxe7 12. c3 Ne5 13. Ke2 $14) 11... Rxd1+ 12. Kxd1
Nf6 $13) 5... Bc6 6. Nc3 Nf6 7. Nf3 (7. Nge2 $5 Be7 8. Nf4 O-O 9. Be2 Bd6 10.
O-O e5 11. Nfd5 Bxd5 12. cxd5 exd4 13. Qxd4 Nc6 14. Qd1 Ne7 15. Bf3 $14 {
Glek,I-Budnikov,A/Douai/1993/i57/279/}) (7. Bg5 Be7 8. Nf3 Ne4 $10 {Karpov})
7... Bxf3 (7... Bb4 8. Be2 $16 {Karpov}) 8. Qxf3 Nc6 (8... c6 9. Be3 Nbd7 10.
Be2 Bd6 11. O-O O-O 12. c5 Bc7 13. b4 $13 {Nunn,J-Karpov,An/Wijk aan Zee/1993/
i56/299/}) 9. d5 (9. Be3 Nxd4 (9... Bb4 10. Rd1 O-O $10) 10. Bxd4 Qxd4 11. Qxb7
Rd8 12. Qb5+ (12. Rd1 {Donev} Qe5+ 13. Be2 Bd6 14. Qxa7 O-O $44) 12... Rd7 13.
Rd1 Qb6 $10 {Karpov}) 9... exd5 $1 (9... Nd4 10. Qd3 c5 $132 {Karpov}) 10. cxd5
Qe7+ $1 (10... Nd4 {Donev} 11. Qd3 c5 12. dxc6 Nxc6 13. Bg5 $10) 11. Be3 (11.
Qe3 $5 Nb4 12. Bb5+ $1 c6 (12... Kd8 13. O-O $36) 13. dxc6 bxc6 14. Ba4 $13)
11... Nd4 12. Qh3 $2 (12. Qd1 Nf5 13. Bb5+ Nd7 $13) 12... Nc2+ 13. Kd2 Nxa1 14.
Bb5+ c6 $1 (14... Kd8 15. Rxa1 $44) 15. dxc6 Qd6+ 16. Kc1 $5 (16. Ke2 bxc6 17.
Ba4 Rb8 $17) 16... bxc6 17. Rd1 Qc7 18. Qf3 Rc8 19. Re1 cxb5 $1 (19... Be7 20.
Bc5 cxb5 (20... O-O {Donev} 21. Rxe7 Qxh2 $17) 21. Bxe7 Qxe7 22. Rxe7+ Kxe7 23.
Qb7+ $13) 20. Bf4+ Qe7 21. Rxe7+ Bxe7 22. Qb7 O-O $1 $17 23. Qxe7 Rfe8 24. Qb7
Rc4 $1 (24... b4 25. Qxb4 Re1+ 26. Kd2 Rd8+ 27. Bd6 $13 Re6) 25. Be3 (25. Bg5
b4 26. Bxf6 gxf6 27. Qb5 Rcc8 {/\} 28. Qxb4 Re1+ 29. Kd2 Rd8+ 30. Kxe1 Nc2+ $19
) 25... b4 26. Kb1 bxc3 27. bxc3 Ne4 $1 28. Kxa1 (28. Bd4 {Donev} Nxc3+ 29.
Bxc3 Rxc3 30. Kxa1 Rc2 $17) 28... Nxc3 29. Kb2 (29. Qxa7 $2 Rb4 $19) (29. Bxa7
$2 Re1+ 30. Kb2 Rb1+ $19) (29. Qb3 $5 {Donev}) 29... a5 30. a3 (30. Qa6 Nd1+
31. Kb3 Rc3+ 32. Ka4 Re4+ 33. Kb5 Re5+ $19) (30. Bb6 $142 {Donev}) 30... Nd1+
31. Kb3 (31. Kb1 Nxe3 32. fxe3 a4 $19) 31... Nxe3 32. fxe3 Rec8 33. Kb2 a4 0-1